000 00397nam a22001457a 4500
005 20170803140853.0
008 170803b xxu||||| |||| 00| 0 eng d
040 _cPK-LaUMT
082 _aZIAC 297.01
_bBAS-S
100 _aBashir Ahmad Dar
245 _aStudies in Muslim philosophy and literature/
_cBashir Ahmad Dar
260 _aLahore:
_bIqbal academy,
_c1996
300 _a267 p.
942 _cBK
999 _c96367
_d96367